| 000 | 008100000a22002410004500 | ||
|---|---|---|---|
| 090 |
_aAR _b01812 |
||
| 245 | 1 | 0 | _aMuestreos del comercio de psitácidos neotropicales en la ciudad de Barcelona, España: 1991-1996 |
| 650 | 1 | 4 |
_aComercio de fauna _995267 |
| 650 | 1 | 4 |
_aAves silvestres _9415 |
| 650 | 1 | 4 |
_aBioestadística _917230 |
| 651 | 4 |
_mBarcelona _dCataluña _pEspaña _992749 |
|
| 653 |
_gMyopsitta _eMyopsitta monachus |
||
| 653 |
_gAratinga _eAratinga mitrata |
||
| 653 |
_gAratinga _eAratinga acuticaudata |
||
| 653 |
_gCyanoliseus _eCyanoliseus patagonus |
||
| 653 |
_gNadayus _eNadayus nenday |
||
| 041 | 0 | _aEspañol | |
| 700 | 1 |
_aJover, Lluís _995268 |
|
| 700 | 1 |
_aRuíz, Xavier _995269 |
|
| 100 | 1 |
_aGuix, Juan Carlos _995270 |
|
| 942 | _cARTICULO | ||
| 773 | 1 |
_tArarajuba _3614 _h5 _q159-167 _d1997 _g2 |
|
| 999 |
_c10889 _d10889 |
||